| 000 | 00694cam a22002533a 4500 | ||
|---|---|---|---|
| 001 | 30999 | ||
| 003 | PGUSA | ||
| 005 | 20140828083654.0 | ||
| 008 | 100117s2010||||xxu|||||s|||||000 | eng d | ||
| 040 |
_aPGUSA _beng |
||
| 042 | _adc | ||
| 050 | 4 | _aQH | |
| 050 | 4 | _aQL | |
| 100 | 1 | _aWhite, John A. | |
| 245 | 1 | 2 |
_aA New Chipmunk (Genus Eutamias) from the Black Hills _h[electronic resource] / _cJohn A. White |
| 260 |
_bProject Gutenberg, _c2010 |
||
| 506 | _aPublic domain in the USA. | ||
| 516 | _aElectronic text | ||
| 653 | _aMammals -- South Dakota | ||
| 653 | _aChipmunks | ||
| 830 | 0 |
_aProject Gutenberg _v30999 |
|
| 856 | 4 | 0 | _uhttp://www.gutenberg.org/ebooks/30999 |
| 942 | _cEB | ||
| 999 |
_c260254 _d260254 |
||